00639 2200229 4500001002100000005001700021008004100038020001800079035002400097082001200121090001900133100001700152245009800169250001100267260003500278300002500313650002700338850001200365980001100377985000600388999001500394YOGYA-0209000006153320090227035933.0 ind  a979-541-025-3 0010-020900000061533 a808.831 a808.831bKun D aKUNTO WIJOYO aDilarang mencintai bunga-bungabKumpulan CerpencKunto Wijoyo;penyunting Supardi Djoko Damono aCet. 2 aJakartabPustaka Firdausc1992 axvii, 200 hlmc16 cm aCerita pendek-Kumpulan aYOPDYOG a1-2-08 a1 a95P0057648